| 000 | 00752cam a22002054a 4500 | ||
|---|---|---|---|
| 999 |
_c57963 _d57963 |
||
| 001 | 17278712 | ||
| 005 | 20221114121537.0 | ||
| 008 | 120430s2012 maua b 001 0 eng | ||
| 020 | _a9780674066830x | ||
| 041 | _aeng | ||
| 080 | _a338(4) J-22 | ||
| 100 | 1 |
_aJames, Harold _d _911207 |
|
| 245 | 1 | 0 |
_aMaking the European monetary union / _cHarold James ; with a foreward by Mario Draghi and Jaime Caruana. |
| 264 |
_aCambridge, MA : _bHarvard University Press, _c2012. |
||
| 300 |
_a567 p. : _bill. ; _c25 cm. |
||
| 653 | _aMaking the European Monetary Union | ||
| 653 | _aევროპის სავალუტო კავშირი | ||
| 653 | _aСоздание Европейского валютного союза | ||
| 942 |
_2udc _cBK |
||